| 000 | 00384cam a2200169ua 4500 | ||
|---|---|---|---|
| 001 | 6769 | ||
| 008 | 120609n II |||gr||||Z||||||eng | ||
| 040 | _aMAIN | ||
| 041 | _aEnglish | ||
| 082 | _a510 CHA | ||
| 100 | _aCHAUDHURY, TARAKESWAR. | ||
| 245 | _aHIGHER SECONDARY CALCULUS | ||
| 260 |
_a[s.l]: _bKM PUBLISHING |
||
| 300 |
_a219: _c20CM. |
||
| 653 | _aMathematics | ||
| 942 | _cBK | ||
| 999 |
_c6754 _d6754 |
||